Αρχείον Θεοδώρου Πάγκαλου

Αποθηκεύτηκε σε:
Λεπτομέρειες βιβλιογραφικής εγγραφής
Άλλοι συγγραφείς: Πάγκαλος, Θησεύς Θ. (edt [Επιμελητής])
Μορφή: Βιβλίο
Γλώσσα:Greek
Δημοσίευση: Αθήνα : Κέδρος, 1973-1974.
Θέματα:
Ετικέτες: Προσθήκη ετικέτας
Δεν υπάρχουν, Καταχωρήστε ετικέτα πρώτοι!

MARC

LEADER 00000nam a2200000 i 4500
001 1/99644
008 950314m19731974 gre d
035 |l 10011386 
040 |a GR-MY-UA  |b gre  |e aacr 
041 0 |a gre 
082 0 |a 938.733 
245 1 0 |a Αρχείον Θεοδώρου Πάγκαλου /   |c επιμέλεια: Θησεύς Θ. Πάγκαλος.  
260 |a Αθήνα :   |b Κέδρος,   |c 1973-1974.  
300 |a 2 τ. :   |b εικ.  
504 |a Περιέχει Ευρετήριο. 
505 0 |a Τόμος 1: 1918-1925 -- Τόμος 2: 1925-1952.  
600 1 0 |a Πάγκαλος Θεόδωρος  |d 1878-1952. 
650 0 0 |a Personal archives  |z Greece. 
650 0 0 |a Family archives  |z Greece. 
651 0 |a Greece  |x History  |y 20th century. 
700 1 |a Πάγκαλος, Θησεύς Θ.  |e edt [Επιμελητής] 
852 |a INST  |b LESVOS  |e 19950404  |h 938.733 ΑΡΧ  |p 005100001891  |q 005100001891  |t BK  |y 0  |z τ.2 
852 |a INST  |b LESVOS  |e 19950314  |h 938.733 ΑΡΧ  |p 005100002382  |q 005100002382  |t BK  |y 0  |z τ.1 
852 |a INST  |b LESVOS  |e 19950404  |h 938.733 ΑΡΧ  |p 005100001891  |q 005100001891  |t BK  |v τ.2:  |y 0  |z τ.2 
852 |a INST  |b LESVOS  |e 19950314  |h 938.733 ΑΡΧ  |p 005100002382  |q 005100002382  |t BK  |v τ.1:  |y 0  |z τ.1 
853 |a INST  |b LESVOS  |h 938.733 ΑΡΧ 
909 |a Λ  |b 038289 
909 |a Λ  |b 038288 
920 |a ΔΩΡΕΑ ΒΙΒΛΙΟΘΗΚΗΣ  |y ΛΕΣΒΟΣ  |z 1995-01 
920 |a ΔΩΡΕΑ ΒΙΒΛΙΟΘΗΚΗΣ  |y ΛΕΣΒΟΣ  |z 1995-01 
970 |z 2000/06/ΟΙΚΟΝΟΜΟΠΟΥΛΟΥ ΧΡΙΣΤΙΝΑ